| 000 | 00947nam a2200241Ia 4500 | ||
|---|---|---|---|
| 003 | AR-RoIUNI | ||
| 005 | 20210303112807.0 | ||
| 007 | ta | ||
| 008 | 150616s2011 ag r 000 0 spa d | ||
| 020 | _a9789872672287 | ||
| 040 | _cIUNIR | ||
| 080 | _a159.91 | ||
| 100 | 1 | _aBalbi, Juan. | |
| 245 | 1 | 0 |
_aTerapia cognitiva posracionalista : _bconversaciones con Vittorio Guidano / _cJuan Balbi. |
| 250 | _a2a. ed. | ||
| 260 |
_aBuenos Aires : _bPsicolibro, _c2011. |
||
| 300 |
_a140 p. ; _c22 cm. |
||
| 490 | 0 | _aColección psicoterapias | |
| 505 | 2 | _aI. El cambio epistemológico -- II. H. Maturana R. : la biología del conocimiento -- III. El enfoque ontológico en la psicología -- IV. Un orden nosográfico en términos evolutivos, ssistémico-procesales y explicativos -- V. Objetivos y procedimientos terapéuticos -- Conversaciones con Vittorio Guidano. | |
| 650 | 4 |
_aPSICOLOGÍA _9108 |
|
| 650 | 4 | _aTERAPIA COGNITIVA | |
| 942 |
_cBK _2cdu |
||
| 999 |
_c1365 _d1365 |
||